Εν Χίω περιοδική έκδοση για τον πολιτισμό & την ανάπτυξη της Χίου.
Αποθηκεύτηκε σε:
| Μορφή: | Περιοδική έκδοση |
|---|---|
| Γλώσσα: | Greek |
| Δημοσίευση: |
Χίος :
Γ.Ν.Μισετζής - Θ.Ν.Χαβιάρας Ο.Ε.,
[19--]
|
| Θέματα: | |
| Ετικέτες: |
Προσθήκη ετικέτας
Δεν υπάρχουν, Καταχωρήστε ετικέτα πρώτοι!
|
MARC
| LEADER | 00000cas a2200000 i 4500 | ||
|---|---|---|---|
| 001 | 1/61399 | ||
| 008 | 040921c19 gr gre | ||
| 035 | |l 10074466 | ||
| 040 | |a GR-MY-UA |b gre |e aacr | ||
| 041 | 0 | |a gre | |
| 082 | 0 | |a 398.09499 | |
| 245 | 1 | 0 | |a Εν Χίω |h [περιοδικό] : |b περιοδική έκδοση για τον πολιτισμό & την ανάπτυξη της Χίου. |
| 260 | |a Χίος : |b Γ.Ν.Μισετζής - Θ.Ν.Χαβιάρας Ο.Ε., |c [19--] | ||
| 300 | |a τ. : |b εικ. ; |c 28 εκ. | ||
| 310 | |a Τριμηνιαίο | ||
| 650 | 0 | 0 | |a Folklore |z Greece |z Chios (Municipality) |x Periodicals. |
| 853 | |a INST |b CHIOS |c SER |h 398.09499 | ||
| 901 | |a BIBL2-2004-3 | ||
| 920 | |a ΔΩΡΕΑ ΒΙΒΛΙΟΘΗΚΗΣ |y ΧΙΟΣ |z 1991-06 | ||
| 970 | |a ΣΑΛΑΜΟΥΡΑ |b ΜΑΡΙΑ |z 2004/09/21 | ||